000 00242 a2200097 4500
001 55041
100 _a
245 _aFourier transforms in radar and signal processing
260 _aBoston
_bChapman Hall
_c2003
090 _c34145
_d34145
942 _aNUST-CAE
_cMONOGRAPH
_c26831
999 _c290114
_d290114